Toplumsal varlığın ontolojisi : (Record no. 71650)
| 000 -BAŞLIK | |
|---|---|
| Sabit Uzunluktaki Kontrol Alanı | 05041nam a22003737a 4500 |
| 001 - KONTROL NUMARASI | |
| Control Dosyası | 0070901 |
| 003 - KONTROL NUMARASI KİMLİĞİ | |
| Kontrol Alanı | KOHA_MİRAKIL |
| 005 - EN SON İŞLEM TARİHİ ve ZAMANI | |
| Kontrol Alanı | 20260207004945.0 |
| 007 - FİZİKSEL TANIM SABİT ALAN - GENEL BİLGİ | |
| Sabit uzunluklu kontrol alanı | ta |
| 008 - SABİT UZUNLUKTAKİ VERİ ÖGELERİ - GENEL BİLGİ | |
| Sabit Alan | 240425b2018 tu |||gr||||#0|||0|tur | |
| 020 ## - ISBN - ULUSLARARASI STANDART KİTAP NUMARASI | |
| Isbn | 9786052601457 |
| 040 ## - KATALOGLAMA KAYNAĞI | |
| Özgün Kataloglama Kurumu | TR-BiSEU |
| Kataloglama Dili | tur |
| Çeviri Kurumu | TR-BiSEU |
| Açıklama Kuralları | rda |
| 041 0# - DİL KODU | |
| Metin ya da ses kaydının dil kodu | tur |
| 044 ## - YAYINLAYAN/ÜRETEN KURULUŞUN ÜLKE KODU | |
| ISO country code | tu |
| 050 ## - SINIFLAMA ve YER NUMARASI | |
| Sınıflama Numarası | B2949 |
| Yer Numarası | .L85 2018 |
| 100 1# - KİŞİ ADI | |
| Yazar Adı (Kişi adı) | Lukacs, Georg. |
| 245 1# - ESER ADI BİLDİRİMİ | |
| Başlık | Toplumsal varlığın ontolojisi : |
| Alt Eseradı vb. | Hegel, Marx, Emek/ |
| Sorumluluk Bildirimi | Georg Lukacs ; Georg Lukacs ; çevirenler Doğan Barış Kılınç, Ekrem Ekici, Umut Yener Kaya ; çeviri editörü Doğan Barış Kılınç ; İngilizce ve Almanca karşılaştırmalı okuma Ateş Uslu ; Türkçe son okuma Ersin Vedat Elgür. |
| 264 #1 - ÜRERİM, YAYIN, DAĞITIM ve TELİF BİLDİRİMİ | |
| Yayın yeri | İstanbul : |
| Yayınlayan | NotaBene Yayınları |
| Yayın tarihi | 2018 |
| 300 ## - FİZİKSEL TANIMLAMA | |
| Sayfa, Cilt vb. | 416 sayfa; 20 cm. |
| 336 ## - İÇERİK TÜRÜ | |
| Content type term | metin |
| Content type code | txt |
| Source | rdacontent |
| 337 ## - MEDYA TÜRÜ | |
| Media type term | aracısız |
| Media type code | n |
| Source | rdamedia |
| 338 ## - TAŞIYICI TÜRÜ | |
| Carrier type term | cilt |
| Carrier type code | nc |
| Source | rdacarrier |
| 500 ## - GENEL NOT | |
| Genel Not | Kapak adı: Ateş Uslu'nun önsözüyle... Toplumsal varlığın ontolojisi : Hegel, Marx, Emek. |
| 500 ## - GENEL NOT | |
| Genel Not | Özgün eser adı: Zur Ontologie des gesellschaftlichen seins. |
| 505 ## - İÇİNDEKİLER NOTU | |
| İçindekiler Notu | Doğru bir biçimde kavranan refleksiyon belirlenimleri, o nedenle, özerkmiş gib görünen varlıkların teolojiden miras alınmış olan ama bugün de hâlâ etkisini sürdüren katı düalitesini olduğu gibi, şeylik ile analoji yoluyla oluşturulan dolaysız biçimde sabitlenmiş nesnellik formlarının, bu formları birleştirip ayıran ve edimsel etkileşimlerini ifade eden salt ilişkiler, bağıntılar, vb. karşısında bir tür ontolojik önceliğe sahip olduğu yönündeki eski önyargıyı da yok etmektedir. Toplumsal Varlığın Ontolojisi'nin Hegel bölümünde yazdı bunları Lukacs; 1960'lı yıllar boyunca kaleme aldığı binlerce sayfa ölümünden sonra öğrencileri tarafından derlendiğinde Marksist literatürün en verimli tartışmalar ve bu tartışmalarda ortaya çıkmış sorulara ikna edici cevaplardan örülü muazzam bir kaynaktı karşımızdaki. Zur Ontologie des gesellschaftlichen Seins, Hegel'in Doğru ve Yanlış Ontolojileri, Marx'ın Temel Ontolojik Düşünceleri ve Emek başlıklı üç bölümü seçilerek 1972 yılında yayınlanmıştı. Neo-pozitivist, varoluşçu, mekanik materyalist ve Yeni-Kantçı ontolojilere yöneltmiş olduğu güçlü ve diyalektiği merkeze alan polemiklerinin yer aldığı Neo-Pozitivizm ve Varoluşçuluk, Nicolai Hartmann'ın Hakiki Bir Ontolojiye Yönelişi bölümleri ile Toplumsal Varlığın Emek dışındaki Yeniden Üretim, İdeal ve İdeoloji ile Yabancılaşma başlıklarını da içeren tam basımı için Macarca'da 1976'yı, Almanca'da ise 1986'yı beklemek gerekecekti. Tertium datur; nesne ve özne, yapı ve fail ya da doğa ve toplum gibi varlık formlarını mutlak bir dualite içinde dikatomik olarak ele alan düşüncelere karşı üçüncü yol Lukacs'ı anlamak için belki de en verimli ifadedir. "Doğanın nesnelliği"ni analoji yoluyla topluma yansıtarak diyalektiği insan dünyasının "doğa-yasası" haline getiren görünüşte ontolojik savların Marksizm içindeki yorumları ile pozitivizmin ve neo-pozitivizmin, diyalektik olmayan, doğa ve toplum yasalarını formca bir gören anlayışları yapının (nesnenin, doğanın) özne karşısındaki önceliğini vurgulayan mekanik materyalizme yol açarken; Öznenin varoluşunu ve bu varoluşun belirli kategorilerini yapı karşısında önceleyen, ontolojiyi epistemolojiye indirgeyen Varoluşçu, Yeni-Kantçı savlar da idealizmin düalist 'ontolojisinin' öznelci biçimlerini üretmektedir. Toplum ve doğanın birbirlerinin karşısındaki tözselliğini vurgulayarak bunlardan birinin diğerini belirlediğine yönelik bir öncelik koyutlaması ile çalışan bu 'öznelci' ve 'nesnelci' teorik pozisyonlar toplumsal varlığın yapısını açığa çıkaramaz. O halde toplum ve doğanın birbiri karşısındaki değil birbiriyle ilişkisinin kategorileri belirlenmek suretiyle üçüncü bir yol bulunmalı ve Toplumsal Varlığın Ontolojisi bu yeni yolda açığa çıkarılmalıdır. Tertium daturun sonuçları kışkırtıcı sorulara yol açar: daha önceden toplum karşısında "yasalılığı" nedeniyle ideal olarak gözüken doğanın, kapitalizmde ancak ve ancak toplumla dolayımlanmak suretiyle mi anlaşılabileceği bunlardan ilki ve temel olanıdır. Hadi biz daha da kışkırtıcısını soralım; Lukacs'ın karşı çıktığı bir pozisyondan, Klasik ve mekanik materyalizmin toplumu doğa formunda "yasalılık" aracılığıyla ele alan teorik konumu, kapitalizmin toplumu mantıksal olarak üzerinde işlem yapılabilir bir "doğa" ya dönüştürmesi ile maalesef bir geçerlilik kazanmamış mıdır? Cebimizde bir çok soru; Lukacs'ın önemi budur... |
| 650 #0 - KONU BAŞLIĞI EK GİRİŞ - KONU TERİMİ | |
| Konusal terim veya coğrafi ad | Ontoloji. |
| 9 (RLIN) | 23891 |
| 650 #0 - KONU BAŞLIĞI EK GİRİŞ - KONU TERİMİ | |
| Konusal terim veya coğrafi ad | Felsefe. |
| 9 (RLIN) | 3265 |
| 650 #0 - KONU BAŞLIĞI EK GİRİŞ - KONU TERİMİ | |
| Konusal terim veya coğrafi ad | Materyalizm. |
| 9 (RLIN) | 79280 |
| 650 #0 - KONU BAŞLIĞI EK GİRİŞ - KONU TERİMİ | |
| Konusal terim veya coğrafi ad | Ontology. |
| 9 (RLIN) | 23081 |
| 650 #0 - KONU BAŞLIĞI EK GİRİŞ - KONU TERİMİ | |
| Konusal terim veya coğrafi ad | Philosohy. |
| 9 (RLIN) | 72059 |
| 650 #0 - KONU BAŞLIĞI EK GİRİŞ - KONU TERİMİ | |
| Konusal terim veya coğrafi ad | Materialism. |
| 9 (RLIN) | 79281 |
| 907 ## - LOCAL DATA ELEMENT G, LDG (RLIN) | |
| a | Felsefe |
| 942 ## - EK GİRİŞ ÖGELERİ (KOHA) | |
| Source of classification or shelving scheme | Library of Congress Classification |
| Koha item type | Book |
| Materyal Türü | Kalıcı Konum | Mevcut Konum | Raf Yeri | Sınıflandırma Kaynağı | Edinim Bilgisi | Ana Konular | Alt Konular | Yer Numarası | Demirbaş Numarası | Fatura Tarihi | Geri Çekilme Durumu | Kayıp Durumu | Hasarlı Durumu | Kredi için değil | Kayıt Tarih | Toplam Ödünçverme | Son Görülme Tarihi | Son Kontrol Tarihi | Genel / Bağış Notu |
|---|---|---|---|---|---|---|---|---|---|---|---|---|---|---|---|---|---|---|---|
| Book | Prof. Dr. Azmi Özcan Kütüphanesi | Prof. Dr. Azmi Özcan Kütüphanesi | Uluğbey Salonu | Library of Congress Classification | Bağış | FELSEFE, PSİKOLOJİ, DİN | Felsefe (Genel) | B2949 .L85 2018 | 0070901 | 02/02/2026 | 25/04/2024 | 17/03/2025 | 17/03/2025 | Genel Bağış |
